000 00630nam a22002057a 4500
005 20251108171207.0
008 250721s1991 xx 000 0 ara d
082 1 4 _aم/213.4/محم
100 1 _aالشبراوي، محمد أيمن
245 1 0 _aفهرس سنن النسائي المسمى فتح المغيث /
246 1 3 _aسنن النسائي
264 1 _aبيروت :
_bدار الجيل،
_c1991.
300 _a687ص
650 1 7 _aالإسلام
650 1 7 _aالحديث الشريف
650 1 7 _aالفهارس
700 1 _aالنسائي، أحمد بن شعيب
942 _2ddc
_cREF
999 _c59002
_d59002